00552nam a22001457a 4500003000400000005001700004008004100021040001400062100002400076245012400100260000900224300002900233500011700262504002700379OSt20171010095441.0120611t xxu||||| |||| 00| 0 eng d aMMSUcULS aTabulinar, Rhea A.  aBioremediation potential of melanoides sp. on wastewater of cornick production in Paoay Ilocos NortecRhea A. Tabulinar c2007 axiii, 62 leaves c28 cm. aThesis (BS Environmental Science) -- Mariano Marcos State University-College of Arts and Sciences, Batac City  aBibliography: leaf 48